| Поле | Инд. | ПП | Название | Значение |
|---|---|---|---|---|
| Тип записи | a | |||
| Библиографический уровень | b | |||
| 001 | Контрольный номер | RU/IS/BASE/296048773 | ||
| 005 | Дата корректировки | 20220715140323.6 | ||
| 008 | Кодируемые данные | 20090519 | ||
| 040 | b | Код языка каталог. | rus | |
| e | Правила каталог. | PSBO | ||
| 041 | 0_ | a | Код языка текста | rus |
| 084 | a | Индекс другой классификации/Индекс ББК | 88.4; 81.711-03-8; 81в; 87.228.1; 87.25 | |
| 100 | 1_ | a | Автор | Крушинский А. А. |
| q | Полное имя | Крушинский Андрей Андреевич | ||
| 245 | 10 | a | Заглавие | Стиль мышления древнего Китая: логико-методологический аспект |
| 504 | a | Библиография | Библиогр. ссылки. - Примеч. | |
| 650 | a | Основная рубрика | логика | |
| a | Основная рубрика | методология науки | ||
| a | Основная рубрика | наука | ||
| a | Основная рубрика | филологические науки | ||
| a | Основная рубрика | философия | ||
| a | Основная рубрика | философия языка | ||
| a | Основная рубрика | философские науки | ||
| a | Основная рубрика | языкознание | ||
| 653 | a | Ключевые слова | "Книга перемен" (И Цзин) | |
| a | Ключевые слова | гексаграммы | ||
| a | Ключевые слова | Древний Китай | ||
| a | Ключевые слова | идеограммы | ||
| a | Ключевые слова | история языка | ||
| a | Ключевые слова | китайский язык | ||
| a | Ключевые слова | логико-методологический подход | ||
| a | Ключевые слова | мышление | ||
| a | Ключевые слова | пиктограммы | ||
| a | Ключевые слова | пиктография | ||
| a | Ключевые слова | стиль мышления | ||
| 773 | 08 | t | Заглавие источника | Вопросы философии |
| d | Дата издания источника | 2009 | ||
| g | Прочая информация | № 1. - С. 104 - 108 : рис. | ||
| w | Контрольный № источника | RU/IS/BASE/290183576 | ||
| 901 | t | Тип документа | b |